| 000 | 01280nam a22002297a 4500 | ||
|---|---|---|---|
| 999 |
_c63190 _d63190 |
||
| 003 | Ge_BSU | ||
| 005 | 20250624150915.0 | ||
| 008 | 250624s2023 ge ||||| |||| 00| 0 geo d | ||
| 020 | _a9789941343278 | ||
| 041 | _ageo | ||
| 080 | _a347.9(479.22) ს-23 | ||
| 245 |
_aსამოქალაქო საპროცესო სამართალი : _b2 ნაწილი / _cავტორი: თ. ლილუაშვილი, გ.ლილუაშვილი, ვ.ხრუსტალი, ზ. ძლიერიშვილი; რედაქტორი: თეიმურაზ თოდრია |
||
| 264 |
_aთბილისი : _bმერიდიანი, _c2023. |
||
| 300 |
_a 704 გვ. _b22 სმ. |
||
| 653 | _aსამოქალაქო საპროცესო სამართალი | ||
| 700 |
_aლილუაშვილი, თენგიზ _eავტორი _916901 |
||
| 700 |
_aლილუაშვილი, გ. _eავტორი _925490 |
||
| 700 |
_aხრუსტალი, ვ. _eავტორი _925491 |
||
| 700 |
_aძლიერიშვილი, ზ. _eავტორი _916537 |
||
| 700 |
_aთოდრია, თ. _eრედაქტორი _925492 |
||
| 942 |
_2udc _cᲬᲘᲒᲜᲘ |
||